000 00472nam a2200133 4500
999 _c14321
_d14321
008 190912b ||||| |||| 00| 0 eng d
082 _aDPer 050 T48 Apr-June 2016 v. 187, n. 12-24.
100 _939517
_aD'Addario, Daniel.
245 _aAnimal kingdom and greenleaf are summer surprises/
_cDaniel D'Addario.
260 _aHong Kong:
_bTime Asia,
_cc2016.
300 _av187 n24, page 43:
_billustrations;
_c27 cm.
650 _aMotion picture plays
_939164
942 _2ddc
_cPER